| 000 | 00913nam a2200301 4500 | ||
|---|---|---|---|
| 001 | 51414 | ||
| 003 | BD-RJUL | ||
| 005 | 20211209075645.0 | ||
| 008 | 160830s1970 nyua b 001 0 eng | ||
| 020 | _a0471159808 | ||
| 035 | _aBD-RJUL 51534 | ||
| 035 | _a(OCoLC)00048828 | ||
| 035 | _aGLIS00183397 | ||
| 040 |
_aDLC _cDLC _dMYG _beng |
||
| 041 | _aeng | ||
| 082 |
_223 _a519.1 _bCLP 1970 |
||
| 090 |
_aQA273 _b.C597 |
||
| 099 | _aQA273.C597 | ||
| 100 | 1 |
_aClarke, Allen Bruce, _d1927- _9153793 |
|
| 245 | 1 | 0 |
_aProbability and random processes for engineers and scientists / _c[by] A. Bruce Clarke [and] Ralph L. Disney. |
| 260 |
_aNew York : _bWiley., _c[1970] |
||
| 300 |
_axv, 346 p. : _bill. ; _c23 cm. |
||
| 504 | _aBibliography: p. 338-339. | ||
| 650 | 0 |
_aProbabilities. _9153794 |
|
| 650 | 0 |
_aStochastic processes. _9117665 |
|
| 700 | 1 |
_aDisney, Ralph L., _d1928- _9153795 |
|
| 942 |
_2ddc _cBK |
||
| 999 |
_c51414 _d51414 |
||